| 000 | 00867nam a22002177a 4500 | ||
|---|---|---|---|
| 999 |
_c19123 _d19123 |
||
| 003 | AR-CdUCM | ||
| 008 | 190516b ||||| |||| 00| 0 spa d | ||
| 040 |
_aMUNICIPALIDAD PROVINCIAL DEL CUSCO _cBIBLIOTECA MUNICIPAL DEL CUSCO |
||
| 082 |
_a330.98 / _bB39 |
||
| 100 |
_aBerle, Adolph Augustus _940275 |
||
| 245 |
_aAmérica Latina : _bmitos y realidades / |
||
| 260 |
_aArgentina : _bPoligráf. Argentina, _c1962. |
||
| 300 |
_a134 páginas ; _c23 cm. |
||
| 440 |
_aLos libros de vea y lea _n4 _940276 |
||
| 505 | _aContenido: Estados unidos de América contempla a sus vecinos -- Cambio social, gobiernos revolucionarios y poderes políticos extracontinentales -- Economía y política... | ||
| 650 |
_aAmérica Latina _91130 |
||
| 650 |
_aPolítica económica _91407 |
||
| 650 |
_aRelaciones exteriores _94428 |
||
| 942 |
_2ddc _cLIBROS |
||
| 945 |
_adavv _d2019-05-16 |
||